000 00695nam a2200193Ia 4500
999 _c39468
_d39468
001 6062
003 GE_BSU
005 20190920115514.0
008 181216s1964||||ge |||||||||||||| ||geo||
040 _cGE_BSU
080 _a821.353.1-1 ა-76
100 _aარაბული, ირ.
_94177
245 _aლექსები /
_cირ. არაბული ; რედ. ილ. ხოშტარია.
264 _aთბილისი :
_bსაბჭოთა საქართველო ;
_c1964.
300 _a36 გვ. ;
_c15 სმ.
653 _aლექსები
700 _aხოშტარია, ილ.
_eრედაქტორი
_94170
942 _cBK
_2udc